Συσκευασία και Περιβάλλον (Record no. 2349)
[ view plain ]
| 000 -LEADER | |
|---|---|
| fixed length control field | 01362cam a22001934a 4500 |
| 005 - ΗΜΕΡΟΜΗΝΙΑ ΚΑΙ ΩΡΑ ΤΕΛΕΥΤΑΙΑΣ ΕΝΗΜΕΡΩΣΗΣ | |
| Πεδίο ελέγχου | 20250605164038.0 |
| 008 - FIXED-LENGTH DATA ELEMENTS--GENERAL INFORMATION | |
| Πεδίο ελέγχου σταθερού μήκους | 250528s ||||||||||||||||||||||||d |
| 035 ## - SYSTEM CONTROL NUMBER | |
| System control number | 16899 |
| 020 ## - ISBN | |
| ISBN | 9604052969 |
| 040 ## - ΠΗΓΗ ΚΑΤΑΛΟΓΟΓΡΑΦΗΣΗΣ | |
| Φορέας πρωτότυπης καταλογογράφησης | MC Athens Campus Library |
| Γλώσσα καταλογογράφησης | Ελληνικά, Μοντέρνα (1453-) |
| Modifying agency | MC Athens Campus Library |
| Κανόνες περιγραφικής καταλογογράφησης | AACR2 |
| 245 1# - ΤΙΤΛΟΣ ΚΑΙ ΔΗΛΩΣΗ ΥΠΕΥΘΥΝΟΤΗΤΑΣ | |
| Τίτλος | Συσκευασία και Περιβάλλον |
| 260 ## - PUBLICATION, DISTRIBUTION, ETC. | |
| Name of publisher, distributor, etc. | Ίων, |
| Date of publication, distribution, etc. | 1991 |
| 300 ## - PHYSICAL DESCRIPTION | |
| Extent | 256 |
| 520 ## - SUMMARY, ETC. | |
| Summary, etc. | Πρόλογος, Ο Ρόλος της Συσκευασίας, Κριτήρια Αξιολόγησης μιας Συσκευασίας από Οικολογική Άποψη, Κατανάλωση Πρώτων Υλών και Διατήρηση Φυσικών Πόρων, Κατανάλωση Ενέργειας, Συμμετοχή των Υλικών Συσκευασίας στα Οικιακά Απορρίμματα, Διάθεση των Απορριμμάτων, Συσκευασίες Aerosol, Ρύπανση του Περιβάλλοντος κατά την Παραγωγή των Υλικών Συσκευασίας, Περιβαλλοντική Νομοθεσία για τη Συσκευασία, Παράρτημα, Ερμηνευτικό Γλωσσάριο Περιβαλλοντικών Όρων, Ευρετήριο, Ευρετήριο Ξενόγλωσσων Όρων. |
| 700 1# - ΠΡΟΣΘΕΤΗ ΑΝΑΓΡΑΦΗ--ΦΥΣΙΚΟ ΠΡΟΣΩΠΟ | |
| Personal name | Καρακασίδη Ν. Γ |
| 9 (RLIN) | 2991 |
| 942 ## - ADDED ENTRY ELEMENTS (KOHA) | |
| Koha item type | Books |
| Τύπος τεκμηρίου | Βιβλιοθήκη | Τρέχουσα τοποθεσία | Barcode | Αριθμός εισαγωγής | Ημερομηνία απόκτησης | Ταξιθετικό σύμβολο | Αριθμός αντιτύπου | Κατάσταση απόσυρσης | Κατάσταση χαμένου | Κατάσταση κατεστραμμένου | Μη δανεισμός | Σύνολο δανεισμών | Ημερομηνία τελευταίας εμφάνισης | Η τιμή ισχύει από |
|---|---|---|---|---|---|---|---|---|---|---|---|---|---|---|
| Books | MC Athens Campus Library | MC Athens Campus Library | 9780000023483 | 5555 | 05/06/2025 | 363.728 KAR | 1 | 05/06/2025 | 05/06/2025 |